Modern Public Gardens : The Suburban Park (Record no. 16185)

MARC details
000 -LEADER
fixed length control field 00425nam a2200157Ia 4500
008 - FIXED-LENGTH DATA ELEMENTS--GENERAL INFORMATION
fixed length control field 220803s9999 xx 000 0 und d
020 ## - INTERNATIONAL STANDARD BOOK NUMBER
International Standard Book Number 9780974621425
041 ## - LANGUAGE CODE
Language code of text/sound track or separate title eng
082 ## - DEWEY DECIMAL CLASSIFICATION NUMBER
Classification number 712.36 RAI
100 ## - MAIN ENTRY--PERSONAL NAME
Personal name Rainey R
9 (RLIN) 25394
245 ## - TITLE STATEMENT
Title Modern Public Gardens : The Suburban Park
260 ## - PUBLICATION, DISTRIBUTION, ETC. (IMPRINT)
Place of publication, distribution, etc. San Francisco
Name of publisher, distributor, etc. William Stout Publisher
Date of publication, distribution, etc. 2006
300 ## - PHYSICAL DESCRIPTION
Extent 160p
500 ## - GENERAL NOTE
Keywords LANDS
650 ## - SUBJECT ADDED ENTRY--TOPICAL TERM
Topical term or geographic name as entry element Landscape Architecture
9 (RLIN) 25395
Holdings
Withdrawn status Lost status Damaged status Not for loan Collection code Home library Current library Date acquired Vendor Cost, normal purchase price Total Checkouts Full call number Barcode Date last seen Date last checked out Cost, replacement price Bill Date Koha item type Original Barcode
        Book of B Arch Dr. Bhanuben Nanavati College of Architecture Dr. Bhanuben Nanavati College of Architecture 10/06/2016 Word Book 2223.90 3 712.36 RAI BNCA-BK-9852 15/07/2024 11/07/2024 2223.90 08/06/2016 Reference book B09852